000 00697cam a2200193 a 4500
001 000004373
005 20200929151431.0
008 041015s1954 enka 000 f eng d
040 _aDO-SdBNP
_bspa
_cBNPHU
082 _a823.5
_bS977g
100 1 _aSwift, Jonathan,
_d1667-1745
_912023
245 1 0 _aGulliver's travels :
_binto several remote nations of the world /
_cJonathan Swift ; ilustración de Arthur Rackham.
260 _aLondres :
_bJ. M. Dent & Sons Ltd;
_aNew York :
_bE. P. Dutton & Co. Inc.,
_c1954.
300 _axiii, 210 p. :
_bil. ;
_c20 cm.
650 4 _aNovela irlandesa
_911511
650 4 _aLiteratura irlandesa
_911512
700 1 _aRackham, Arthur,
_eill.
_912879
049 _aBNGR
999 _c4182
_d4182